000
003260000a22001450004500
003
MACL
005
20160105150546.0
008
160105b xxu||||| |||| 00| 0 eng d
040
_a
MACL
_c
MACL
041
_a
English
082
_a
823
245
_a
Selected Essays 1884-1907
650
_a
Essays
_9
28113
942
_c
BK
_k
823
_2
ddc
999
_c
36384
_d
36384